000
00247nam a22000977a 4500
005
20151001095804.0
008
151001b xxu||||| |||| 00| 0 eng d
245
_a
Bloomberg Businessweek
260
_a
New York
_b
Bloomberg Businessweek
942
_c
JR
_s
1
999
_c
83154
_d
83153